| 000 | 01338nam a2200301 4500 | ||
|---|---|---|---|
| 001 | 178174 | ||
| 003 | ES-MaACL | ||
| 005 | 20250918184208.0 | ||
| 008 | 110520s1982 sp acfo |||| |aspa d | ||
| 020 | _a84-300-7168-7 | ||
| 080 | _a821.134.2-31"19" | ||
| 100 | 1 |
_aPayá, Carmen. _989705 |
|
| 245 | 1 | 4 |
_aUna mujer y tres cárceles : _b(memorias de amor y de dolor) / _cCarmen Payá ; [epílogo, Agustín de Figueroa, marqués de Santo Floro]. |
| 250 | _a2ª ed. | ||
| 260 |
_a[Madrid] : _bM. Carrasco, _c1982. |
||
| 300 |
_aVII, 166 p., [6] p. de lám. ; _c21 cm. |
||
| 505 | 8 | _aContiene: Tres personalidades literarias opinan sobre la obra de Carmen Payá: Una mujer sorprendente / Carmen Llorca . Cómo conocí a Carmen Payá / Emilio Romero . Amor y dolor de Carmen / F. Vizcaíno Casas | |
| 600 | 1 | 4 |
_aPayá, Carmen. _989705 |
| 700 | 1 |
_aLlorca, Carmen, _d1921-1998 _9181902 |
|
| 700 | 1 |
_aRomero, Emilio. _999320 |
|
| 700 | 1 |
_aVizcaíno Casas, Fernando. _9115612 |
|
| 700 | 1 |
_aFigueroa, Agustín de, _cMarqués de Santo Floro _950775 |
|
| 852 | 4 |
_aES-MaACL _9185033 _bR.145506 _jA-11193 _dOlim: N-4219 _cDEPO1 _xDonación: Carmen Paya _zDedicatoria autógrafa de la autora |
|
| 903 |
_989705 _aPayá, Carmen _ednr |
||
| 942 |
_2udc _cMONOGRAFIA |
||
| 999 |
_c178174 _d178174 |
||